| 000 | 00595nam a2200229Ia 4500 | ||
|---|---|---|---|
| 008 | 160303s9999 xx 000 0 und d | ||
| 020 | _a971-08-6308-8 | ||
| 050 | _aFIL KF 5625.2 | ||
| 050 | _b.P37 2003 | ||
| 100 | _aPasimio, Renato R. | ||
| 245 | _aObligations and contracts / | ||
| 245 | _cRenato R. Pasimio. | ||
| 260 | _aMandaluyong: | ||
| 260 | _bNational Book Store, | ||
| 260 | _c2003 | ||
| 300 | _a299 pages : | ||
| 300 | _billustrations ; | ||
| 300 | _c22 cm. | ||
| 650 | _aLabor agreement. | ||
| 650 | _aObligations and contracts (Law) -- | ||
| 650 | _xPhilippines. | ||
| 999 |
_c291298 _d291298 |
||